Wszyscy Polscy piłkarze którzy grają za granicą - Statystyki

Ogólne statystyki
  • Ten quiz został rozwiązany 161 razy
    120 od ostatniego zresetowania
  • Średni wynik to 44 z 149
Statystyki odpowiedzi
Odpowiedź Podpowiedzi % Poprawnych
Lewandowski Barcelona | Messina
100%
Zieliński Napoli
98%
Szczęsny Juventus
96%
Milik Juventus
94%
Cash Aston Villa
90%
Zalewski Roma
90%
Kiwior Arsenal
84%
Krychowiak Al-Shabab
84%
Bednarek Southampton
81%
Szymański AEK Ateny | Feyenoord
79%
Piątek Salernitana
78%
Frankowski Lens
76%
Kamiński Schalke | Wolfsburg
75%
Grabara Kopenhaga
74%
Moder Brighton
74%
Świderski Charlotte
71%
Glik Benevento
69%
Skorupski Bologna
69%
Bereszyński Napoli
65%
Fabiański West ham
64%
Kownacki Fortuna Dusseldorf
64%
Buksa Lens | Standard Liege
63%
Linetty Torino
63%
Drągowski Spezia
62%
Bułka Nicea
60%
Bielik Birmingham
58%
Żurkowski Spezia
58%
Wieteska Clermont Foot
55%
Gumny Augsburg
54%
Rybus Spartak Moskwa
53%
Dawidowicz Hellas Verona
52%
Reca Spezia
52%
Kozłowski Vitesse
51%
Puchacz Panathinakos
50%
Kędziora PAOK Saloniki
49%
Piątkowski Gent
49%
Jóźwiak Charlotte
48%
Karbownik Fortuna Dusseldorf
48%
Klich DC United
48%
Bochniewicz Heerenveen
46%
Gikiewicz Union Berlin
46%
Walukiewicz Empoli
43%
Stępiński Aris Limassol
40%
Góralski Bochum
39%
Niezgoda Portland Timbers
39%
Piotrowski Ludogorets
39%
Helik Huddersfield
38%
Białek Vitesse
37%
Poręba Lens
37%
Urbański Bologna
37%
Wiśniewski Spezia
37%
Bogusz UD Ibiza
35%
Majecki Cercle Brugge
35%
Klimala Hapoel Beer Sheva
34%
Białkowski Millwall
30%
Idasiak Napoli
29%
Jagiełło Genoa
29%
Przybyłko Chicago Fire
29%
Płacheta Birmingham
27%
Benedyczak Parma
26%
Mierzejewski Henan Songshan
23%
Lis Troyes
22%
Michalak Konyaspor
21%
Tytoń Twente
20%
Zawada Wellington Phoenix
20%
Michalski Greuther Furth
18%
Nowak Bohemians
18%
Szysz Basaksehir
18%
Cionek Reggina
17%
Strączek Girondins Bordeaux
17%
Kowalski Parma
16%
Sobociński Charlotte
16%
Struski Aris Limassol
16%
Fila Zulte Varegem
14%
Praszelik Cosenza Calcio
14%
Szymiński Frosinone
14%
Angielski Sivasspor
13%
Dźwigała St Pauli
13%
Kubica Benevento
13%
Słowik FC Tokyo
13%
Parzyszek Leganes
12%
Zych Aston Villa
12%
Faberski Ajax
11%
Golla Puskas Akademia
11%
Łabojko Brescia
11%
Listkowski Brescia
11%
Stalmach Milan
11%
Kurto Macarthur
9%
Makowski Kisvarda FC
9%
Piszczek Imabari
9%
Stryjek Wycombe Wanderers
9%
Dąbrowski Queen of the South
7%
Majchrowicz Pafos
7%
Ojrzyński Liverpool
7%
Szumski Samsunspor
7%
Bodzek Fortuna Dusseldorf
6%
Ciężkowski Cremonese
6%
Niemczyk Burton Albion
5%
Steczyk Hallescher
5%
Stolarczyk Hartepool
5%
Formella Oakland Roots
4%
Kaczmarski Empoli
4%
Marczuk Greifswalder
4%
Osyra Hebar Pazardzhik
4%
Banaszak Pakhtakor Tashkent
3%
Cieślewicz The New Saints
3%
Cybulski Fylde
3%
Dudziński Benfica
3%
Kisiel Oldenburg
3%
Matuszczyk Duren
3%
Mrowca Wehen Wiesbaden
3%
Pikul Pardubice
3%
Smolarczyk dordrecht
3%
Stanilewicz Fortuna Koln
3%
Zietarski Oldenburg
3%
Chruściel Iraklis Saloniki
2%
Franke Calgiari
2%
Hołownia Bandirmaspor
2%
Klemenz Budapest Honved
2%
Lubik Augsburg
2%
Wiktorski Buzau
2%
Zieleniecki Kickers Offenbach
2%
Bartkowiak College
1%
Błąkała Njardvik
1%
Ciapa Phönix Lübeck
1%
Cierpka Concordia Chiajna
1%
Drawz Havelse
1%
Fyda Arzignano Valchiampo
1%
Hyjek Recreativo Huelva
1%
Krasucki Borussia Berlin
1%
Małachowski Waldhof Mannheim
1%
Mystkowski Iraklis Saloniki
1%
Pavlas Proodeftiki Neolea
1%
Pytlik Wuppertaler SV
1%
Rutkowski Knockbreda
1%
Serowiec Hankofen Hailing
1%
Skiba Aluminij Kidricevo
1%
Słupski Thróttur Reykjavík
1%
Stulin UNA Strassen
1%
Szczepaniak Flint Town United
1%
Szczepanik Poprad Rytro
1%
Szyszka Matese
1%
Wojdyła Breno
1%
Zielski Matera
1%
Nie znaleziono quizów pasujących do podanych kryteriów
Rozkład punktacji
Procent ludzi z każdym wynikiem
Percentyl według liczby udzielonych odpowiedzi
Twoja historia wyników
Nie rozwiązałeś tego quizu od ostatniego zresetowania